Science Quiz

Random Science or Anatomy Quiz

Human Body Elements Quiz Stats

 Plays Quiz Updated Dec 22, 2011

     
Support Sporcle.
Go Orange.
Score 0/18 Timer 04:00
15 Plays Today
Percentage Element % Correct
65%Oxygen
97.8%
10%Hydrogen
94%
18%Carbon
92%
3%Nitrogen
86.7%
< 0.05%Iron
77.2%
1.5%Calcium
73.8%
0.2%Potassium
70.8%
0.1%Sodium
66.6%
0.05%Magnesium
62.9%
Percentage Element % Correct
0.2%Chlorine
50.1%
< 0.05%Zinc
49%
0.2%Sulfur
47.7%
1.2%Phosphorus
46.9%
< 0.05%Copper
42.6%
< 0.05%Iodine
33.8%
< 0.01%Fluorine
32.6%
< 0.05%Cobalt
20.4%
< 0.01%Selenium
20.3%

From the Vault

'Unique' Big 4 on a Map

by sproutcm

Sports 60s
What was that mascot that started with Q...?
Remove Ads.
Support Sporcle.
Get the best of Sporcle when you Go Orange. This ad-free experience offers more features, more stats, and more fun while also helping to support Sporcle. Thank you for becoming a member.

Show Comments

Extras

Top Quizzes Today


Score Distribution

Your Account Isn't Verified!

In order to create a playlist on Sporcle, you need to verify the email address you used during registration. Go to your Sporcle Settings to finish the process.

Report this User

Report this user for behavior that violates our Community Guidelines.

Details: